Macro Economics Simplified / (Record no. 305445)
[ view plain ]
| 000 -LEADER | |
|---|---|
| fixed length control field | 00714nam a2200253Ia 4500 |
| 008 - FIXED-LENGTH DATA ELEMENTS--GENERAL INFORMATION | |
| fixed length control field | 170203s9999 xx 000 0 und d |
| 020 ## - INTERNATIONAL STANDARD BOOK NUMBER | |
| International Standard Book Number | 9710871331 |
| 050 ## - LIBRARY OF CONGRESS CALL NUMBER | |
| Classification number | 393.3 |
| 050 ## - LIBRARY OF CONGRESS CALL NUMBER | |
| Item number | .V813m 2011 |
| 100 ## - MAIN ENTRY--PERSONAL NAME | |
| Personal name | Viray, Edilberto Jr. |
| 245 ## - TITLE STATEMENT | |
| Title | Macro Economics Simplified / |
| 245 ## - TITLE STATEMENT | |
| Statement of responsibility, etc | Viray, Marcelino, Malveda, Avila- Bato. |
| 260 ## - PUBLICATION, DISTRIBUTION, ETC. (IMPRINT) | |
| Place of publication, distribution, etc | Mandaluyong City : |
| 260 ## - PUBLICATION, DISTRIBUTION, ETC. (IMPRINT) | |
| Name of publisher, distributor, etc | National Book Store. |
| 260 ## - PUBLICATION, DISTRIBUTION, ETC. (IMPRINT) | |
| Date of publication, distribution, etc | 2011 |
| 300 ## - PHYSICAL DESCRIPTION | |
| Extent | 261 pages : |
| 300 ## - PHYSICAL DESCRIPTION | |
| Other physical details | illustrations ; |
| 300 ## - PHYSICAL DESCRIPTION | |
| Dimensions | 26 cm. |
| 650 ## - SUBJECT ADDED ENTRY--TOPICAL TERM | |
| Topical term or geographic name as entry element | Macro Economics. |
| 650 ## - SUBJECT ADDED ENTRY--TOPICAL TERM | |
| General subdivision | Economics. |
| 700 ## - ADDED ENTRY--PERSONAL NAME | |
| Personal name | Avila-Bato, Ma. Jesusa, author. |
| 700 ## - ADDED ENTRY--PERSONAL NAME | |
| Personal name | Malveda, Lucky Raymundo M., author. |
| 700 ## - ADDED ENTRY--PERSONAL NAME | |
| Personal name | Marcelino, Ramon Benedicto, author. |
No items available.